=LDR 00000nam 2200000 4500 =001 $a INLIS000000000008397 =005 $a 20260604105716 =008 $a 260604################g##########0#ind## =022 ##$$a - =035 ##$$a 0010-0626000024 =082 ##$$a 362.29 =084 ##$$a 362.29 UND =100 #$$a - =245 ##$$a Undang-Undang Narkotika & Psikotropika $b - $c Redaksi Sinar Grafika =246 ##$$a =260 ##$$a Jakarta $b Sinar Grafika $c 1999 =300 ##$$a viii+309 hlm. $b $c 21 cm. $d =336 ##$$a =337 ##$$a =338 ##$$a =520 #$$a =650 #$$a Narkotika =650 #$$a Psikotropika =650 #$$a Undang-Undang =700 #$$a =740 ##$$a =856 ##$$a =Wor $a 1